000 01047cad a22002655a 4500
001 E152083
008 110131s2010 xxk f 100 0 eng d
020 _a9781842196199
035 _a(Sirsi) u152083
041 0 _aeng
100 1 _aKashiwagi, Jacob
111 2 _aConstruction and Building Research Conference
_cDauphine Universite, Paris
_d2-3 September 2010
245 0 0 _aSupply chain analysis impacts delivery of IT services
_bpotential impact to construction
_h[electronic resource]
260 _aLondon
_bRICS
_c2010
520 _aA paper presented at the COBRA Conference in Paris on 2-3 September 2010.
590 _aKA
650 2 4 _aCONSTRUCTION AND BUILDING RESEARCH CONFERENCE (COBRA)
651 4 _aUnited States
_y1959-
690 _aMANAGEMENT-BUSINESS MANAGEMENT-INFORMATION MANAGEMENT
700 _aSullivan, Kenneth
700 1 _aKashiwagi, Dean
700 1 _aDavis-Johnson, Max
856 4 0 _uhttps://www.rics.org/site/scripts/download_info.aspx?fileID=7944&categoryID=720
_zBroken link - not available
942 _n0
999 _c111844
_d111844